[Event "New York Winter Invitational GM-A 2022"]
[Site "New York"]
[Date "2022.01.17"]
[Round "7.2"]
[White "Shlyakhtenko, Robert"]
[Black "Li, Eric"]
[Result "1/2-1/2"]
[WhiteElo "2383"]
[BlackElo "2341"]
[Annotator "TA"]
[PlyCount "76"]
[EventDate "2022.01.11"]
[EventType "tourn"]
[EventCountry "USA"]
[SourceTitle "playchess.com"]
[Source "ChessBase"]
[SourceQuality "1"]

{[%evp 12,76,2,0,12,0,0,0,6,0,10,-36,43,-6,58,41,41,45,45,49,39,40,41,34,89,32,28,38,40,29,33,24,38,27,33,4,75,69,75,66,62,19,22,17,25,6,69,72,62,79,70,64,79,0,29,21,31,10,10,10,25,11,16,0,13,0,8]} 1. Nf3 d5 2. e3 Nf6 3. d4 c5 4. Bd3 e6 5. c3 Nbd7 6. Nbd2 Be7 7. O-O Qc7 {D05: Colle System with ...e6.} 8. Qe2 O-O 9. e4 dxe4 10. Nxe4 cxd4 {[#]} 11. Bg5 $146 (11. Nxd4 $11 {feels stronger.} h6 12. Nb5) ({Predecessor:} 11. Nxd4 Nc5 12. Nxf6+ Bxf6 13. Bc2 e5 14. Nb3 Ne6 15. Qe4 g6 16. Re1 Bg7 17. Be3 {1-0 (36) Moccero,E (1957)-Souza Neves,A (2210) Rio de Janeiro 2017}) 11... Re8 ({Black should try} 11... dxc3 $15 12. Rac1 h6) 12. Rac1 ({Of course not} 12. Nxd4 Nxe4 13. Nb5 Qb6 14. Bxe7 Nxf2 $1 15. Rxf2 (15. Bxh7+ $2 Kxh7 16. Bh4 Ne4+ 17. Kh1 Ndf6 $19) 15... Rxe7 $15) (12. cxd4 $14 h6 13. Rfc1 $1) 12... h6 {[#]} (12... dxc3 $11 13. Rxc3 Qd8) 13. cxd4 $1 $14 Qd8 14. Bf4 {Hoping for Bc7.} Nd5 {Inhibits Bc7.} 15. Bg3 N7f6 16. Ne5 Nxe4 17. Bxe4 Bd7 (17... Bg5 $14) 18. Qh5 {White is more active.} (18. Qf3 $16 Bf6 19. Bh4 $1 (19. Bxd5 exd5 20. Bh4 Bb5 $14)) 18... Rf8 19. Bxd5 exd5 20. Nxd7 Qxd7 21. Rc7 Qe6 22. Rxb7 Bf6 {[%cal Be7f6,Bf6d4,Bd4b6][%mdl 32]} 23. h3 Qa6 (23... Bxd4 $11 {remains equal.} 24. Rd1 Bb6) 24. Qxd5 $16 {[%cal Ob7f7]} Rad8 25. Qb3 Bxd4 26. Bh4 (26. Re1 $14) 26... g5 $11 27. Bg3 Bb6 28. Qf3 Rd3 {[#]} (28... Qxa2 $11 29. Be5 Qe6) 29. Qe2 $1 $14 Qxb7 30. Qxd3 Rd8 {[%cal Bf8d8,Bd8d2,Bd2c2][%mdl 32]} 31. Qf5 {Strongly threatening Qf6.} Qd5 {[#]} 32. Qe5 ({Better is} 32. Qf6 $1 $16 {Black must now prevent Be5.} Qe6 33. Qxe6 fxe6 34. Re1) 32... Qxe5 33. Bxe5 $11 {[%mdl 4096] Endgame KRB-KRB} Rd2 34. Bc3 Rc2 35. g4 Kh7 $1 36. Kg2 Kg6 {The position is equal.} 37. Kg3 h5 38. a4 a5 {Weighted Error Value: White=0.16 (very precise) /Black=0.20 (precise)} 1/2-1/2

[Event "New York Winter Invitational GM-A 2022"]
[Site "New York"]
[Date "2022.01.17"]
[Round "7.3"]
[White "Liang, Jason"]
[Black "Daggupati, Balaji"]
[Result "1-0"]
[WhiteElo "2410"]
[BlackElo "2442"]
[Annotator "TA"]
[PlyCount "195"]
[EventDate "2022.01.11"]
[EventType "tourn"]
[EventCountry "USA"]
[SourceTitle "playchess.com"]
[Source "ChessBase"]
[SourceQuality "1"]

{[%evp 9,195,5,6,17,18,8,2,0,6,6,19,-1,-11,-39,-18,-20,-38,-33,-47,-27,-38,-145,-152,-145,-34,-44,-56,-39,-33,-159,-152,-225,-242,-234,-216,-235,-207,-213,-185,-194,-201,-218,-210,-205,-205,-209,-216,-269,-214,-210,-150,-210,-214,-252,-232,-425,-435,-440,-414,-966,-335,-320,-318,-300,-195,-233,0,-1361,-750,-715,-709,-941,-929,-909,-927,-887,-857,-1260,-1260,-1262,-1235,-1202,-1091,-5381,-1192,-977,-400,-371,-253,-245,-253,-229,-172,-183,-166,-146,-52,-59,-42,-43,-51,-89,0,-59,-68,-90,-69,-262,-254,-298,-293,-377,-358,-359,-275,-453,-361,-489,-448,-625,-598,-581,-441,-466,-393,-382,0,0,0,0,0,0,0,0,80,80,93,68,116,116,116,71,150,155,143,124,132,62,80,80,152,0,0,0,0,0,5743,10141,2081,0,4133,0,0,-8,-8,-7,29965,29967,29969,29970,29969,29972,29974,29975,29975,29973,29973,29973,29973,29974,29978,29979,29979,29980,29980,29979,29978,29979]} 1. e4 c5 2. Nf3 e6 3. g3 Nc6 4. Bg2 Nf6 5. Qe2 e5 6. O-O {B40: Sicilian: 2...e6, Unusual lines.} Be7 7. d3 O-O 8. a4 {The position is equal.} d6 {[#]} 9. Na3 $146 ({Predecessor:} 9. h3 Re8 10. c4 Nd7 11. Nc3 Nf8 12. Nd5 Ne6 13. Bd2 Bf8 14. Nh2 Ned4 15. Qd1 {½-½ (28) Shubin,K (2467)-Shaposhnikov,E (2529) Cheliabinsk 2021}) 9... Ne8 10. Nc4 f5 11. exf5 Bxf5 12. Ne3 Be6 13. c4 Nc7 14. Bd2 Qd7 15. Rfe1 (15. Qd1 $15) 15... Rf7 $1 $17 16. Bc3 Nd4 (16... Raf8 $17 {And now ...Nd4 would win.} 17. Nd2 Nd4) 17. Bxd4 $15 cxd4 18. Nf1 {[%cal Oc4c5]} Bg4 (18... g5 $5 {[%cal Ra8f8]} 19. N3d2 Na6 $17) 19. h3 ({White should play} 19. c5 $1 $15) 19... Bxh3 $17 20. N3d2 (20. Bxh3 $17 Qxh3 21. c5) 20... Bxg2 $19 21. Kxg2 Raf8 22. Ne4 d5 23. cxd5 Qxd5 24. Kg1 Qe6 25. Nh2 Nd5 26. Rac1 Rf5 27. Rf1 Qh6 28. Nd2 Rh5 29. Ndf3 Nf6 {[%cal Of6g4] To avoid Qe4} 30. Kg2 (30. Nh4 $17) 30... Bd6 $1 31. Rh1 Qg6 $1 32. Nd2 $2 (32. Rcd1 {keeps fighting.}) 32... Nd5 33. Ng4 Rhf5 {[%cal Of5f2]} 34. Qe4 {[#]} (34. Rh4 $142 h5 35. Rch1) 34... Nf4+ $1 {[%mdl 512]} 35. gxf4 {Threatens to win with f3.} Qxg4+ 36. Kf1 h6 (36... Qxf4 37. Qxf4 Rxf4 38. Ne4 $17) (36... Rxf4 37. Qxh7+ Kf7 38. Ne4 $16 (38. Rg1 Rxf2+ 39. Kxf2 Ke6+)) 37. Qd5+ Kh8 $2 (37... Kh7 38. Qf3 Qxf3 39. Nxf3) (37... R8f7 $1 $19 38. Rc8+ (38. Qxd6 $2 Rxf4 39. Ne4 Rxe4 $19) 38... Kh7) 38. Ne4 $2 {[%mdl 8192] [#]} (38. Qxd6 $11 Rxf4 39. Ne4) 38... Qxf4 $1 39. Qc4 Be7 40. Re1 Qf3 41. Rh2 Rh5 42. Rxh5 Qxh5 43. Qc2 Qh1+ 44. Ke2 Qf3+ 45. Kf1 Bh4 46. Rc1 {[#]} Kh7 (46... Bxf2 $142 $1 {[%mdl 512]} 47. Qxf2 Qh1+ 48. Ke2 Rxf2+ 49. Nxf2 Qxc1) 47. Ke1 {[#]} Qe3+ (47... Bxf2+ $142 $1 {[%mdl 512]} 48. Nxf2 (48. Qxf2 Qh1+) 48... Qe3+ 49. Kf1 e4) 48. Kd1 Qh3 49. Qe2 {Prevents Qf1+.} Rf7 50. Rc5 b6 51. Rxe5 Rc7 52. Ng3 {To avoid Qh1+} Bg5 (52... Bxg3 $6 53. Qe4+ g6 54. Re7+ Rxe7 55. Qxe7+ Kh8 56. Qe8+ Kh7 57. Qf7+ Kh8 58. Qe8+ Kh7 59. Qf7+ Kh8 60. Qe8+ $11) (52... g6 $17 {White must now prevent ...Qd7.} 53. Qe4 Qh2) 53. Qe4+ $15 g6 54. Re6 Rg7 55. Re8 {aiming for Qa8.} Bf6 (55... Qd7 $1 $17 {[%cal Rd7a4]} 56. b3 Re7 57. Rxe7+ Bxe7) 56. Qa8 (56. Rf8 $1 $11 Re7 57. Qd5 Qg4+ 58. f3) 56... Rf7 $1 57. Qc6 Qg4+ 58. Kc2 $2 (58. Ke1 $15) 58... Bg7 $19 59. Ne4 Qe2+ 60. Kb3 {[%cal Oe4g5] Ng5+! is the strong threat.} Qxd3+ 61. Ka2 Qf3 ({Weaker is} 61... Rf3 62. Qd5 Bf8 63. Rc8 $11) 62. Re6 $2 (62. Qc4) 62... Qf5 63. Ng3 Qg4 64. Qe8 {[#]} d3 $1 {[%mdl 512] ( -> ...d2)} 65. Ne4 Qf5 66. Rd6 Rf8 67. Qe7 {Hoping for Rd7.} Qc8 $2 ({Avoid the trap} 67... Rf7 $2 68. Qe8 $19) ({Black should try} 67... Qa5 $19 68. Rxd3 Qxa4+ 69. Kb1 Qb5) 68. Rd7 $40 {[%csl Gd7][%cal Re7g7][%mdl 128] White attacks.} Qc4+ 69. Ka3 {[%csl Gd7][%cal Re7g7] The board is on fire.} Qg8 70. Nf6+ $1 Rxf6 71. Qxf6 {[%mdl 4096] Endgame KQR-KQB} Kh8 (71... d2 $11 72. Qd6 a5) 72. Qf7 $16 {White is more active.} Qxf7 73. Rxf7 {KR-KB} Bd4 (73... d2 $14 {deserves consideration.} 74. Rd7 h5) 74. Kb3 $1 {[%mdl 1024] White has strong compensation.} ({Don't play} 74. Rd7 Bxf2 75. Kb3 h5 $11) 74... a5 {[%cal Ob6b5]} 75. Rf4 $1 Be5 (75... Bg7 $142) 76. Rf8+ Kg7 77. Rd8 h5 78. Rxd3 (78. Kc4 $1 $16) 78... h4 79. Kc4 {Strongly threatening Kd5.} Bxb2 (79... Kf6 $142) 80. Kb5 $2 ({Better is} 80. Rb3 $16 Be5 81. Rxb6) 80... g5 $11 81. Kxb6 g4 82. Kxa5 Be5 $2 {[%mdl 8192]} (82... h3 $2 83. Rg3 Kh6 84. Rxg4 $18) (82... Bf6 $11 83. Rd1 h3) 83. Kb5 $18 h3 84. Kc4 $2 (84. a5 $18 Bb8 85. Kb6) 84... Bb8 $2 {[%mdl 8192] [#]} (84... Kg6 $11) 85. Kd5 $2 ({White has to play} 85. Rd4 $1 $18 {a5 would kill now.} g3 86. fxg3) 85... Kf6 $11 86. Ke4 h2 $1 87. Rd1 Ba7 $2 {[%mdl 8192]} (87... Kg5 $11) 88. Rh1 {White mates.} Bxf2 89. Rxh2 g3 {[#]} 90. Rh6+ $1 Kf7 91. Kf3 Ke7 92. Rc6 Kd7 93. Rc2 Be1 94. Rc1 Bf2 95. a5 {[%cal Ba4a5,Ba5a6][%mdl 32]} Kd6 96. a6 Kd7 97. Kg2 Kd6 98. Rc2 {Both players deserved the win here.  Weighted Error Value: White=0.65/Black=0.43} 1-0

[Event "New York Winter Invitational GM-A 2022"]
[Site "New York"]
[Date "2022.01.17"]
[Round "7.4"]
[White "Theodorou, Nikolas"]
[Black "Wang, Kevin"]
[Result "1/2-1/2"]
[WhiteElo "2577"]
[BlackElo "2387"]
[Annotator "TA"]
[PlyCount "55"]
[EventDate "2022.01.11"]
[EventType "tourn"]
[EventCountry "USA"]
[SourceTitle "playchess.com"]
[Source "ChessBase"]
[SourceQuality "1"]

{[%evp 11,55,0,16,12,16,22,35,27,52,44,46,46,46,41,54,55,51,44,47,66,63,52,63,45,71,67,65,60,79,76,77,56,74,59,116,116,114,108,127,59,41,47,53,32,45,29]} 1. Nf3 Nf6 2. g3 g6 3. Bg2 Bg7 4. O-O O-O 5. d4 d5 6. c3 c6 7. a4 {[%cal Ba2a4,Ba4a5][%mdl 32] D02: 1 d4 d5 2 Nf3 sidelines, including 2...Nf6 3 g3 and 2...Nf6 3 Bf4.} Bf5 8. Nbd2 Ne4 9. a5 Nxd2 10. Nxd2 e5 11. dxe5 $1 Bxe5 12. e4 dxe4 13. Nxe4 {[#] Black must now prevent Qxd8.} Qc7 $146 ({Predecessor:} 13... Qe7 14. Re1 Nd7 15. Bg5 f6 16. Be3 Bxe4 17. Bxe4 Nc5 18. Bc2 b5 19. f4 Bd6 {1-0 (27) Mester,G (2419)-Gal,J (2354) Aggtelek 2002}) 14. Bg5 Bxe4 15. Bxe4 Re8 16. Bg2 Bg7 17. Qa4 a6 18. Bf4 {A strong pair of Bishops.} Be5 19. Be3 $36 {[%mdl 2048] White is more active.} Nd7 20. Rad1 Re7 21. Bh3 (21. Bg5 $5 {[%cal Rg5e7]} Ree8 22. Bh3 $16) 21... Rae8 22. Rd2 {Threatens to win with Rfd1. White is more active.} f5 {[#]} (22... Bg7 $14) 23. Bg5 $1 $16 Rf7 24. Re1 Kg7 25. Be3 ({Better is} 25. Rde2 $16) 25... Rfe7 {White is slightly better.} 26. Red1 Bf6 27. Bg2 {[%cal Of2f4]} h5 28. Qf4 {Weighted Error Value: White=0.08 (flawless) /Black=0.08 (flawless)} 1/2-1/2

[Event "New York Winter Invitational GM-A 2022"]
[Site "New York"]
[Date "2022.01.17"]
[Round "7.5"]
[White "Khamrakulov, Djurabek"]
[Black "Rozman, Levy"]
[Result "1/2-1/2"]
[WhiteElo "2515"]
[BlackElo "2346"]
[Annotator "TA"]
[PlyCount "62"]
[EventDate "2022.01.11"]
[EventType "tourn"]
[EventCountry "USA"]
[SourceTitle "playchess.com"]
[Source "ChessBase"]
[SourceQuality "1"]

{[%evp 10,62,20,22,29,18,30,29,28,0,0,0,0,0,9,-12,0,0,-3,-11,0,-27,-20,-16,0,-6,-2,0,-1,-31,-36,-25,0,0,0,0,0,0,0,-18,19,0,0,-52,-56,-85,-87,-92,-89,-90,0,-73,0,-87,0]} 1. e4 c6 2. Nc3 d5 3. Nf3 g6 4. d4 Bg7 5. Be3 dxe4 6. Nxe4 Nf6 {seems to push 6...Nd7 aside. B15: Caro-Kann: 3 Nc3: 3...g6 and 3...dxe4 4 Nxe4 Nf6 5 Nxf6+ exf6.} 7. Nxf6+ exf6 8. Bc4 O-O {[#] White has an edge.} 9. a4 $146 ({Predecessor:} 9. O-O a5 10. a4 Nd7 11. Bb3 Nb6 12. Qd2 Re8 13. h3 Nd5 14. Bh6 Bh8 15. Rfe1 {0-1 (28) Truskavetsky,A (2393)-Vastrukhin,O (2413) Sochi 2018}) 9... Na6 10. O-O Nc7 11. Re1 a5 12. Qd3 Nd5 13. Qb3 Be6 14. Bd2 ({But not} 14. Qxb7 $2 Rb8 15. Qxc6 Nb4 $19) 14... Qc7 15. Bxd5 cxd5 16. Re3 Rfc8 17. Rc3 Qd7 18. Rxc8+ Qxc8 19. Re1 Bf8 20. Re3 Bb4 21. Bxb4 axb4 22. Qxb4 Qxc2 23. b3 Qc1+ 24. Re1 Qb2 25. a5 Qa2 26. Qxb7 ({White should try} 26. Qe7 $1 $11) 26... Qxa5 $15 27. h3 {[#]} Qd8 $1 {Inhibits Qe7.} 28. Qc6 Rc8 29. Qa6 Ra8 30. Qc6 Rc8 31. Qa6 Ra8 {Weighted Error Value: White=0.10 (very precise) /Black=0.12 (very precise)} (31... Kg7 $17) 1/2-1/2

[Event "New York Winter Invitational GM-A 2022"]
[Site "New York"]
[Date "2022.01.17"]
[Round "8.1"]
[White "Nagy, Gabor"]
[Black "Rozman, Levy"]
[Result "1-0"]
[WhiteElo "2527"]
[BlackElo "2346"]
[Annotator "TA"]
[PlyCount "89"]
[EventDate "2022.01.11"]
[EventType "tourn"]
[EventCountry "USA"]
[SourceTitle "playchess.com"]
[Source "ChessBase"]
[SourceQuality "1"]

{[%evp 14,89,11,0,12,12,34,8,15,0,68,27,16,29,28,-34,-11,-31,-25,-23,16,10,27,38,89,82,95,75,95,85,129,36,27,22,31,0,61,57,69,13,33,41,31,43,50,33,40,0,9,4,39,25,45,40,54,55,55,0,0,0,23,20,151,0,0,0,0,0,0,0,103,98,287,296,283,288,29996,29997]} 1. c4 e6 2. Nc3 d5 3. d4 c6 4. e3 f5 5. Bd3 Bd6 6. Nge2 Nf6 7. f3 {7.f3 scores better than 7.Qc2.} O-O 8. Qc2 dxc4 {A84: Dutch Defence: 2 c4 Miscellaneous.} 9. Bxc4 b5 10. Bb3 Kh8 {The position is equal.} 11. O-O Nd5 (11... Na6 $11) 12. Bd2 (12. e4 $14 fxe4 13. Nxe4) 12... a5 $11 13. a3 Ba6 14. e4 {[#]} (14. Rfe1 $11) 14... b4 $1 $15 {[#]} 15. exd5 $146 ({Predecessor:} 15. axb4 Nxb4 16. Qd1 e5 17. Be3 exd4 18. Bxd4 c5 19. Be3 N8c6 20. exf5 Rxf5 21. Ne4 {1-0 (35) Heider,M (2204)-Schulz,K (2353) Germany 2016}) 15... bxc3 16. Bxc3 exd5 (16... Qh4 $2 17. g3 Qg5 18. dxe6 $18) (16... a4 $5 17. Bxa4 Bxe2 18. Qxe2 Rxa4 19. dxe6 Ra8 $15) 17. Rfe1 Qh4 18. Ng3 $36 {[%mdl 2048] White is more active.} Nd7 (18... Bc8 $14) 19. Re6 $16 Bf4 20. Qf2 (20. Rxc6 Be3+ 21. Kh1 Bf4 $14) 20... Rf6 21. Rae1 Bc7 (21... Rc8 $142) 22. Rxf6 (22. Ba4 $16) 22... Qxf6 $14 23. Bc2 g6 24. Nf1 Qd6 ({Black should try} 24... Bb5 $11) 25. Qh4 Nf6 26. Bd2 ({Better is} 26. Nd2 $14) 26... Re8 27. Rxe8+ Nxe8 28. Qe1 {[%csl LRa5,LRe8]} Nf6 {[%cal Be8f6,Bf6h5,Bh5g7,Bg7e6][%mdl 32]} 29. g3 Bb6 30. Be3 Nh5 31. Nd2 Ng7 32. f4 Ne6 33. Nf3 c5 34. dxc5 Bxc5 35. Bf2 ({White should play} 35. Bb3 $1 $14) 35... Bxf2+ $11 36. Qxf2 d4 {To avoid Qe3} (36... Qc6 {is interesting.} 37. Ne5 Qc7 38. Bb3 Qc1+ 39. Kg2 Bf1+) 37. Bb3 {Qe1 is the strong threat.} d3 {[#]} (37... Bb7 $11 {remains equal.}) 38. Bxe6 $2 (38. Qe3 $1 $16 Bb7 39. Qe5+ (39. Bxe6 Bxf3 40. Qxf3 Qxe6 $11) 39... Qxe5 40. Nxe5) 38... Qxe6 39. Qd4+ Kg8 40. Ne5 Qb3 {And now ...Qd1+ would win.} 41. Kg2 Bb7+ (41... Qc2+ $1 $11 42. Kh3 Qe2) 42. Kh3 $16 {Threatens to win with Qd8+.} Be4 $2 (42... Qd5 $16 {was worth a try.} 43. Qxd5+ (43. Qxd3 Qxd3 44. Nxd3 Kf7 $16) 43... Bxd5 44. Nxd3 Kg7) 43. Qd8+ $18 Kg7 {[#]} 44. Qe7+ Kh6 $2 (44... Kg8 $18 45. Kh4 (45. Qd8+ Kg7 $16) 45... d2) 45. Kh4 {Weighted Error Value: White=0.23 (precise) /Black=0.54} 1-0

[Event "New York Winter Invitational GM-A 2022"]
[Site "New York"]
[Date "2022.01.17"]
[Round "8.2"]
[White "Wang, Kevin"]
[Black "Khamrakulov, Djurabek"]
[Result "1/2-1/2"]
[WhiteElo "2387"]
[BlackElo "2515"]
[Annotator "TA"]
[PlyCount "100"]
[EventDate "2022.01.11"]
[EventType "tourn"]
[EventCountry "USA"]
[SourceTitle "playchess.com"]
[Source "ChessBase"]
[SourceQuality "1"]

{[%evp 11,100,3,24,14,24,20,19,6,19,20,28,18,15,20,35,40,70,64,150,150,233,229,226,239,233,218,205,170,228,199,245,236,247,167,156,154,185,145,185,187,204,201,189,176,188,152,144,146,275,272,266,212,211,230,237,235,288,228,221,219,156,81,60,-8,-8,-8,-8,-8,-8,-8,-8,-8,0,-232,0,0,0,0,0,0,0,0,0,0,0,0,0,0,0,0,0]} 1. e4 c5 2. c3 d5 3. exd5 Qxd5 4. d4 Nf6 5. Nf3 Bg4 6. dxc5 Qxc5 7. h3 {B22: Sicilian: 2 c3.} Bh5 8. Be3 Qc7 9. Na3 {Black must now prevent Nb5.} a6 {Inhibits Nb5.} 10. Nc4 {aiming for Nb6.} Nbd7 {To avoid Nb6} 11. g4 Bg6 12. g5 $36 {[%mdl 2048] Black is under pressure.} Ne4 13. Nh4 e6 14. Qf3 $1 Qc6 {[#]} (14... Ne5 $2 15. Qf4 $18) (14... Nd6 $14 15. Nxg6 hxg6 16. Nxd6+ Bxd6) 15. Rd1 $146 {[%cal Od1d7] Rxd7! is the strong threat.} ({Predecessor:} 15. Nxg6 hxg6 16. O-O-O Rh4 17. Rxd7 Qxd7 18. Nb6 Qd8 19. Nxa8 Qxa8 20. Bd3 b5 21. Rd1 Qb7 22. Bxe4 Qxe4 23. Qg3 {1-0 (23) Sermek,D (2509)-Xiu,D (2410) Kuala Lumpur 2008}) 15... Nec5 (15... f5 $16) 16. Qxc6 $18 bxc6 17. Nxg6 hxg6 18. Bg2 Rc8 19. Ke2 Nb8 (19... Rh4 $142) 20. Bf4 Ncd7 (20... Nbd7 {might work better.} 21. Rd4 Rh4) 21. h4 Be7 22. Nd6+ Bxd6 23. Bxd6 f6 24. f4 Kf7 25. Kf2 Rce8 26. Be4 Nb6 27. Kg3 Nd5 28. Rd3 Rd8 29. Ba3 {White is more active.} f5 (29... Nb6 $16 30. Rhd1 Rxd3+ 31. Bxd3 Nd5) 30. Bf3 $1 Nb6 31. Rhd1 {[%cal Bh1d1,Bd1d3,Bd3e3][%mdl 32]} Rxd3 32. Rxd3 Nc4 {[#]} 33. Bc5 {Strongly threatening Rd4.} e5 {Prevents Rd4.} 34. fxe5 Nxe5 35. Re3 Nbd7 36. Ba3 {A strong pair of Bishops.} (36. Bd6 $142 Ke6 37. Bc7 f4+ 38. Kxf4 Rf8+ 39. Kg3 Rxf3+ 40. Rxf3 Nxf3 41. Kxf3) 36... Re8 $16 37. Be2 (37. Bg2 $14) 37... Nb6 $1 $11 38. Kf2 ({Avoid the trap} 38. Bxa6 $2 f4+ 39. Kxf4 Nd5+ 40. Ke4 Nd7+ 41. Kd4 Nxe3 $19) 38... Nbc4 39. Bxc4+ Nxc4 40. Rd3 Nxa3 41. bxa3 {[%mdl 4096] Endgame KR-KR} Ke6 42. c4 $2 {[#]} (42. Kf3 $11) 42... Rb8 $2 ({Black should try} 42... f4 $1 $19 {And now ...Rh8 would win.} 43. c5 Kf5) 43. c5 {The position is equal.} Rb2+ 44. Kg3 Rxa2 45. Rd6+ Ke5 {Hoping for ...f4+.} 46. Rxg6 Rxa3+ 47. Kg2 Ra2+ 48. Kf3 Ra3+ 49. Kg2 Ra2+ 50. Kf3 Ra3+ {Black defended with fortune.  Weighted Error Value: White=0.21 (precise) /Black=0.23 (precise)} 1/2-1/2

[Event "New York Winter Invitational GM-A 2022"]
[Site "New York"]
[Date "2022.01.17"]
[Round "8.3"]
[White "Daggupati, Balaji"]
[Black "Theodorou, Nikolas"]
[Result "0-1"]
[WhiteElo "2442"]
[BlackElo "2577"]
[Annotator "TA"]
[PlyCount "98"]
[EventDate "2022.01.11"]
[EventType "tourn"]
[EventCountry "USA"]
[SourceTitle "playchess.com"]
[Source "ChessBase"]
[SourceQuality "1"]

{[%evp 11,98,7,11,7,0,0,0,0,0,4,0,4,4,0,0,10,6,16,27,27,29,0,-2,-6,0,-8,4,-16,-5,-17,-16,-14,-19,-17,-13,-39,-37,-34,-26,-31,-7,-9,0,-4,0,0,0,0,0,-124,-137,-127,-131,-129,-121,-336,-336,-336,-329,-318,-309,-546,-539,-532,-532,-525,-525,-510,-458,-557,-265,-743,-735,-601,-455,-4531,-1848,-29972,-29973,-29973,-29971,-29974,-29975,-29973,-29974,-29965,-29964,-29970,-29969]} 1. e4 e5 2. Nc3 Nf6 3. Bc4 Nxe4 4. Qh5 Nd6 5. Qxe5+ Qe7 6. Qxe7+ Bxe7 7. Be2 {C27: Vienna Game: 2...Nf6 3 Bc4 Nxe4.} Nf5 8. Nf3 c6 9. g4 {The position is equal.} Nh4 10. Nxh4 Bxh4 11. Ne4 Be7 {Prevents Nd6+.} 12. d4 d5 13. Ng3 O-O 14. Bf4 {[#]} c5 $5 $146 {[%mdl 8] An interesting novelty.} ({Predecessor:} 14... Be6 15. O-O Nd7 16. Rfe1 Rfe8 17. h3 Nf8 18. Nf5 Bxf5 19. gxf5 Nd7 20. Bd3 Nf6 {½-½ (27) Artemiev,V (2708)-Giri,A (2764) Chess.com INT 2020}) 15. dxc5 Bxc5 16. O-O Nc6 17. c3 Be6 18. Bf3 Rfd8 19. h3 d4 20. Ne4 Be7 21. Rfd1 h6 22. Bg2 Rd7 23. b3 Rad8 24. cxd4 Nxd4 25. Kf1 {Prevents Ne2.} a5 {[%cal Oa5a4]} 26. Rac1 a4 27. bxa4 Ba3 28. Nc5 $1 Bxc1 29. Rxc1 Re7 $36 {[%mdl 2048] Hoping for ...Bd5. Black has some pressure.} 30. Bxb7 (30. Nxb7 $11 {remains equal.} Rc8 31. Rxc8+ Bxc8 32. Nc5) 30... Bxa2 $17 31. Be3 Nb3 32. Nxb3 Bxb3 33. Bc6 {[#] White does not recover from this.} (33. Bf3 $17 {was called for.}) 33... Rxe3 $1 $19 {[%mdl 512]} 34. fxe3 {[%mdl 4096] Endgame Black must now prevent Ke2. KRB-KRB} Rc8 {[%cal Ob3a4] ...Bxa4! is the strong threat.} 35. a5 {[#] And now a6 would win.} Bd5 $1 {[%mdl 512]} 36. Bxd5 $2 (36. Ke2) (36. Rd1 Bxc6) 36... Rxc1+ {KR-KB} 37. Kf2 Rc5 {[%csl LRa5,LRd5]} 38. Be4 Rxa5 39. Kf3 Kf8 40. Bd3 Ke7 (40... h5 $142 {Strongly threatening ...h4.} 41. Bf5 f6) 41. Be4 $2 (41. Be2) 41... Kf6 42. Kf4 h5 43. Bc6 (43. gxh5 $142 Rxh5 44. Kg3) 43... h4 (43... g5+ $142 44. Ke4 h4) 44. Be8 g5+ {Black mates.} 45. Kf3 Ra1 46. Bc6 Rg1 47. Kf2 Rg3 48. Bg2 Ke5 49. Bf1 Ke4 {Weighted Error Value: White=0.57/Black=0.18 (very precise)} 0-1